Man`s Origin Man`s Destiny (Record no. 4513)

MARC details
000 -LEADER
fixed length control field 00410nam a2200157 a 4500
082 00 - DEWEY DECIMAL CLASSIFICATION NUMBER
Classification number 572.7
Author Cutter SMI
100 ## - MAIN ENTRY--AUTHOR NAME
Author name Smith, A E Wilder
245 ## - TITLE STATEMENT
Title Man`s Origin Man`s Destiny
260 ## - PUBLICATION, DISTRIBUTION, ETC. (IMPRINT)
Place of publication W.Germany
Name of publisher Telos International
Year of publication 1974
300 ## - PHYSICAL DESCRIPTION
Number of Pages 320p
500 ## - GENERAL NOTE
General note includes index and biblioraphy
505 2# - FORMATTED CONTENTS NOTE
Formatted contents note Glossary and Index
650 ## - SUBJECT ADDED ENTRY--TOPICAL TERM
Topical Term Evolution-Religious Aspects
942 ## - ADDED ENTRY ELEMENTS (KOHA)
Koha item type Books
700 1# -
-- Smith, A E Wilder
Holdings
Home library Current library Date acquired Cost, normal purchase price Full call number Accession Number Koha item type
Henry Martyn Institute Library Henry Martyn Institute Library 06/11/2007 100.00 572.7 SMI 09829 E-Books
                   Copyright © 2026 | Henry Martyn Institute | Hyderabad | TS-500052 | INDIA | Implemented by hmi.edu.in
Hit-Count:

Powered by Koha